35 Largest Portuguese-speaking cities - Statistics

General Stats
  • This quiz has been taken 796 times
    425 since last reset
  • The average score is 18 of 35
Answer Stats
City % Correct
Rio de Janeiro
100%
São Paulo
99%
Lisbon
96%
Brasília
90%
Luanda
90%
Porto
90%
Belo Horizonte
83%
Maputo
80%
Manaus
77%
Recife
77%
Salvador
76%
Fortaleza
74%
Porto Alegre
71%
Belém
67%
Curitiba
67%
Natal
56%
Goiânia
52%
Campinas
49%
São Luís
48%
Florianópolis
45%
Santos
36%
João Pessoa
35%
Vitória
34%
Maceió
33%
Campo Grande
29%
Teresina
26%
Benguela
24%
Cabinda
22%
Aracaju
21%
Nampula
19%
Lubango
17%
Joinville
14%
Londrina
13%
Matola
13%
Sorocaba
8%
No matching quizzes found
Score Distribution
Percent of People with Each Score
Percentile by Number Answered
Your Score History
You have not taken this quiz since the last reset